000
00197nam a22000977a 4500
082
_a
823
_b
GRI/P
100
_a
GRISHAM,JOHN
245
_a
THE PARTNER
246
_a
THE PARTNER
_b
THE PARTNER
942
_c
BK
999
_c
8170
_d
8170